|
|
|
|
| LEADER |
02490nam a2200313 a 4500 |
| 001 |
490 |
| 003 |
BD-DhAAL |
| 005 |
20150711121820.0 |
| 008 |
150711s1997 ja 000 0 eng d |
| 010 |
|
|
|a 2004472045
|
| 020 |
|
|
|a 9283322142
|
| 040 |
|
|
|a ANL-S
|b eng
|c ANL-S
|d ANL
|d BD-DhAAL
|
| 050 |
0 |
0 |
|a HD6181.85
|b .S96 1997
|
| 082 |
0 |
4 |
|a 331.48095
|2 21
|
| 245 |
0 |
0 |
|a Role of women in informal sector development.
|
| 260 |
|
|
|a Tokyo :
|b Asian Productivity Organization,
|c 1997.
|
| 300 |
|
|
|a 227 p. ;
|c 26 cm.
|
| 500 |
|
|
|a Report of APO Symposium on Role of Women in Informal Sector--Verso t.p.
|
| 504 |
|
|
|a Includes bibliographical references.
|
| 505 |
0 |
0 |
|a Machine derived contents note: Foreword -- -- I. Symposium Report 1 -- -- II. Resource Papers -- Policy Approaches to Enhancing Women's Productivity -- in the Informal Sector Rose Marie Greve 5 -- Problems of and Prospects for Women's Participation -- in the Labor Force N.K. Nair and K.P. Sunny 23 -- Empowering Women in the Informal Sector: -- The Philippine Experience Rosalinda P. Ofreneo 34 -- Women in the Informal Sector: -- An Asian Network for Productivity Improvement Sieh Lee Mei Ling 53 -- An Overview of the Economic Status of Women -- in the Informal Sector A.K. Vohra 69 -- -- III. Selected Country Papers -- Bangladesh A.H.M. Anwarul Hoq and Syeda Warishunnisa Begum 83 -- Republic of China Yueh-shi Carol Kao 93 -- Fiji Latileta Makasiale 106 -- Hong Kong (1) Irene L.K. Tong 117 -- Hong Kong (2) Yin-Wah Chu 130 -- Islamic Republic of Iran Hakim Shoushtari 144 -- Republic of Korea Tae-hong Kim 156 -- Mongolia Oyunkhorol Dulamsurengiin 166 -- The Philippines (1) M. Juris A. Luna 171 -- The Philippines (2) Maria Victoria B. Maple Gaverza 176 -- The Philippines (3) Merlinda C. Sabio 182 -- Sri Lanka W.R. Dassanayaka 198 -- Thailand Kusuma Machima 203 -- Myanmar Maung Kyi 208 -- -- IV. Appendices -- 1. List of Participants/Resource Persons/Observers 221 -- 2. Program and Schedule 226.
|
| 541 |
|
|
|e 490
|
| 650 |
|
0 |
|a Women in development
|z Asia.
|9 8494
|
| 650 |
|
0 |
|a Women
|z Employment
|z Asia.
|9 13111
|
| 650 |
|
0 |
|a Informal sector (Economics)
|z Asia.
|9 13112
|
| 710 |
2 |
|
|a Asian Productivity Organization
|9 7998
|
| 711 |
2 |
|
|a APO Symposium on Role of Women in Informal Sector
|d (1996 :
|c New Delhi, India)
|9 13113
|
| 942 |
|
|
|2 ddc
|c BK
|
| 999 |
|
|
|c 35035
|d 35035
|
| 952 |
|
|
|0 0
|1 0
|2 ddc
|4 0
|6 331_480950000000000_ROL
|7 0
|9 54916
|a SCL
|b SCL
|c GEN
|d 2015-07-11
|l 1
|o 331.48095 ROL
|p 3020000490
|r 2019-08-27
|s 2019-08-26
|t 1
|w 2015-07-11
|y BK
|